[Event "14th HZ Open"]
[Site "Vlissingen NED"]
[Date "2010.08.08"]
[Round "2"]
[White "Waffenschmidt,J"]
[Black "De Jong,M"]
[Result "0-1"]
[WhiteElo "2048"]
[BlackElo "2358"]

1.d4 Nf6 2.c4 g6 3.Nc3 Bg7 4.e4 d6 5.Nf3 O-O 6.Be2 e5 7.O-O c6 8.dxe5 dxe5
9.Qxd8 Rxd8 10.Bg5 h6 11.Bh4 Bg4 12.Rfd1 Na6 13.Bg3 Nh5 14.Bh4 g5 15.Bg3 Nf4
16.Kf1 Nc5 17.h4 Nxe2 18.Kxe2 f5 19.Kf1 Rxd1+ 20.Nxd1 f4 21.Bh2 Nxe4  0-1

[Event "14th HZ Open"]
[Site "Vlissingen NED"]
[Date "2010.08.08"]
[Round "2"]
[White "Bodicker,R"]
[Black "Pruijssers,R"]
[Result "0-1"]
[WhiteElo "2080"]
[BlackElo "2462"]

1.d4 Nf6 2.Nf3 g6 3.c4 Bg7 4.Nc3 O-O 5.e4 d6 6.Be2 Nbd7 7.O-O e5 8.Qc2 Re8
9.Rd1 c6 10.d5 c5 11.Ne1 Rf8 12.Nd3 Ne8 13.Rf1 f5 14.f4 Qe7 15.Bf3 exf4 16.exf5 g5
17.g4 fxg3 18.hxg3 Rxf5 19.Bd2 Ne5 20.Be4 Rxf1+ 21.Rxf1 h6 22.Nxe5 Bxe5 23.Kg2 Nf6
24.Bf5 Kg7 25.Nd1 Bxf5 26.Rxf5 Bd4 27.Bc3 Re8 28.Bxd4 cxd4 29.Rf1 Qe2+ 30.Qxe2 Rxe2+
31.Rf2 d3 32.Nc3 Rc2 33.Rxc2 dxc2 34.Ne2 g4 35.Nc1 Ne4 36.b3 Kf6 37.Nd3 Nc5
38.Nc1 Ke5 39.Kf2 Kd4  0-1

[Event "Tch-ESP CECLUB GpA"]
[Site "Burguillos ESP"]
[Date "2010.08.09"]
[Round "1"]
[White "Arizmendi Martinez,J"]
[Black "Valmana Canto,J"]
[Result "1-0"]
[WhiteElo "2532"]
[BlackElo "2369"]

1.d4 Nf6 2.c4 g6 3.Nc3 Bg7 4.e4 d6 5.Nf3 O-O 6.Be2 e5 7.Be3 exd4 8.Nxd4 Re8
9.f3 c6 10.Bf2 d5 11.exd5 cxd5 12.O-O dxc4 13.Bxc4 Nbd7 14.Ndb5 Nb6 15.Qxd8 Rxd8
16.Bb3 Be6 17.Nc7 Bxb3 18.Nxa8 Bc4 19.Nxb6 Bxf1 20.Kxf1 axb6 21.Bxb6 Rd2
22.Rd1 Rxd1+ 23.Nxd1 Nd5 24.Ba5 h5 25.Bd2 Be5 26.h3 Kf8 27.Nc3 Ne7 28.b3 Nf5
29.Ne4 Ke8 30.Ke2 Kd7 31.Be1 Nd4+ 32.Kd3 Ne6 33.Kc4 Kc6 34.a4 f5 35.Nd2 Bf4
36.b4 Be3 37.b5+ Kd7 38.Nf1 Bg1 39.Bd2 f4 40.a5 g5 41.Bc3 Nd8 42.Nd2 Ke6
43.Ne4 Kf5 44.Bd4 Bxd4 45.Kxd4 g4 46.hxg4+ hxg4 47.Kd5  1-0

[Event "IM2 Ceska pojistovna Cup"]
[Site "Olomouc CZE"]
[Date "2010.08.09"]
[Round "6"]
[White "Plischki,S"]
[Black "Musaev,Ra"]
[Result "1/2-1/2"]
[WhiteElo "2374"]
[BlackElo "2181"]

1.Nf3 Nf6 2.c4 g6 3.Nc3 Bg7 4.e4 d6 5.d4 O-O 6.Be2 e5 7.Be3 Ng4 8.Bg5 f6
9.Bh4 g5 10.Bg3 Nh6 11.c5 Nc6 12.cxd6 cxd6 13.dxe5 dxe5 14.O-O Be6 15.Qa4 Qa5
16.Bc4 Bf7 17.Bxf7+ Nxf7 18.Qxa5 Nxa5 19.h4 h6 20.Rfd1 Rfd8 21.Nd5 Nd6 22.Nd2 Kf7
23.f3 Rac8 24.Bf2 Nc6 25.Rac1 Bf8 26.hxg5 hxg5 27.Be3 Nb5 28.Nb3 Nc7 29.a3 Nxd5
30.exd5 Ne7 31.Bxa7 Rxd5 32.Rxd5 Rxc1+ 33.Nxc1 Nxd5 34.Nd3 b6 35.a4 Bd6 36.b4 Bc7
37.g4 Ke7 38.Kf2 Kd6 39.a5 bxa5 40.bxa5 Bxa5 41.Nc5 Bb6 42.Bxb6 Nxb6 43.Ne4+ Ke6
44.Nc5+ Kd6 45.Ne4+ Ke7 46.Ke3 Nc4+ 47.Kd3 Nd6 48.Nc5 Nb5 49.Ke3 Kd6 50.Ne4+ Ke6
51.Nc5+ Kd6  1/2-1/2

[Event "TCh-MKD"]
[Site "Struga MKD"]
[Date "2010.08.09"]
[Round "1"]
[White "Jacimovic,D"]
[Black "Mitkovski,Z"]
[Result "1-0"]
[WhiteElo "2424"]
[BlackElo "2168"]

1.d4 Nf6 2.c4 g6 3.Nc3 Bg7 4.e4 d6 5.Nf3 O-O 6.Be2 e5 7.d5 a5 8.h3 Na6 9.Bg5 Qe8
10.g4 Bd7 11.Nd2 Nc5 12.h4 h6 13.Be3 Nh7 14.Nf1 Qe7 15.Qd2 Nf6 16.f3 h5 17.Bg5 hxg4
18.h5 gxh5 19.Ng3 gxf3 20.Bxf3 Qe8 21.Bxf6 Bxf6 22.Nxh5 Qe7 23.Qh6 Bh4+ 24.Ke2  1-0

[Event "Open"]
[Site "Minsk BLR"]
[Date "2010.08.10"]
[Round "7"]
[White "Podolchenko,E"]
[Black "Kovalev,Vl"]
[Result "1-0"]
[WhiteElo "2514"]
[BlackElo "2329"]

1.d4 Nf6 2.Nf3 g6 3.c4 Bg7 4.Nc3 d6 5.e4 O-O 6.Be2 e5 7.O-O Na6 8.Re1 c6
9.Bf1 Bg4 10.d5 Nb4 11.Be2 a5 12.Be3 Na6 13.Nd2 Bxe2 14.Qxe2 c5 15.f4 exf4
16.Bxf4 Nh5 17.Be3 Be5 18.Nf3 f6 19.Nxe5 fxe5 20.Rf1 Qd7 21.Bh6 Ng7 22.Nb5 Nc7
23.Nxc7 Qxc7 24.Qg4 Rae8 25.Rae1 Qc8 26.Qxc8 Rxc8 27.Rxf8+ Rxf8 28.Re3 a4
29.Ra3 Ra8 30.b3 Ne8 31.bxa4 Nf6 32.Rb3 Ra7 33.a5 Nxe4 34.Rf3 Ra8 35.Kf1 g5
36.Ke2 g4 37.Rf5 Nc3+ 38.Kd3 Nxa2 39.Rf2 Nb4+ 40.Ke4 Na6 41.Rf6 Rd8 42.Kf5 Nb8
43.Ke6 Re8+ 44.Kxd6 e4 45.Re6 Rxe6+ 46.Kxe6  1-0

[Event "GM1 Valoz Cup"]
[Site "Olomouc CZE"]
[Date "2010.08.10"]
[Round "7"]
[White "Tuvshintugs,B"]
[Black "Vovk,Y"]
[Result "1/2-1/2"]
[WhiteElo "2321"]
[BlackElo "2561"]

1.d4 Nf6 2.c4 g6 3.Nc3 Bg7 4.e4 d6 5.Nf3 O-O 6.Be2 e5 7.d5 a5 8.h3 Na6 9.Bg5 Qe8
10.g4 Nd7 11.Rg1 Kh8 12.Qd2 Ndc5 13.h4 f5 14.gxf5 gxf5 15.Bh6 Bxh6 16.Qxh6 Qe7
17.h5 Rf6 18.Rg6 Rxg6 19.hxg6 Qg7 20.Qg5 Qxg6 21.Qd8+ Qg8 22.Qf6+ Qg7 23.Qd8+ Qg8  1/2-1/2

[Event "Negroponte Open"]
[Site "Chalkis GRE"]
[Date "2010.08.11"]
[Round "3"]
[White "Atalik,E"]
[Black "Vorobiov,E"]
[Result "0-1"]
[WhiteElo "2444"]
[BlackElo "2592"]

1.d4 Nf6 2.c4 g6 3.Nc3 Bg7 4.e4 d6 5.Nf3 O-O 6.Be2 e5 7.O-O Nbd7 8.Qc2 Qe7
9.Rd1 c6 10.d5 c5 11.g3 Ne8 12.Nh4 Bf6 13.Ng2 Bg5 14.f4 exf4 15.gxf4 Bf6
16.Bd3 Bd4+ 17.Kh1 a6 18.Re1 Nc7 19.a4 a5 20.Bd2 Na6 21.Nb5 Nb4 22.Bxb4 axb4
23.Nxd4 cxd4 24.Qd1 Nc5 25.Bc2 b3 26.Bxb3 d3 27.e5 dxe5 28.Ba2 Rxa4 29.b3 Ra3
30.Rxe5 Qf6 31.d6 Qxd6 32.b4 Qa6 33.bxc5 Rxa2 34.Rxa2 Qxa2 35.Qxd3 Bf5 36.Qd4 Bh3
37.Ne3 Qf2 38.Rg5 Re8  0-1

[Event "Negroponte Open"]
[Site "Chalkis GRE"]
[Date "2010.08.11"]
[Round "3"]
[White "Schuetze,N"]
[Black "Harika,D"]
[Result "0-1"]
[WhiteElo "2193"]
[BlackElo "2504"]

1.d4 Nf6 2.Nf3 g6 3.c4 Bg7 4.Nc3 O-O 5.e4 d6 6.Be2 Nbd7 7.O-O e5 8.Qc2 Nh5
9.Rd1 Nf4 10.Bf1 c5 11.dxe5 dxe5 12.Nd5 Ne6 13.a3 Nd4 14.Nxd4 cxd4 15.b4 Nb6
16.Nxb6 axb6 17.h3 Be6 18.a4 Qd7 19.Bd2 f5 20.a5 bxa5 21.Rxa5 Rac8 22.Be1 fxe4
23.Qxe4 Bxc4 24.Bxc4+ Rxc4 25.Ra7 Qc6 26.Qxc6 bxc6 27.f3 Rc2 28.Bg3 Bf6 29.Rd3 Rd8
30.Kf1 Rb2 31.Be1 Rf8 32.Bd2 e4 33.fxe4 Bh4+ 34.Ke2 Rf2+ 35.Kd1 Bg5  0-1

[Event "49th WJun"]
[Site "Chotowa POL"]
[Date "2010.08.11"]
[Round "8"]
[White "Delorme,Ax"]
[Black "Can,E"]
[Result "1/2-1/2"]
[WhiteElo "2455"]
[BlackElo "2477"]

1.d4 Nf6 2.c4 g6 3.Nc3 Bg7 4.e4 d6 5.Nf3 O-O 6.Be2 e5 7.Be3 Ng4 8.Bg5 f6
9.Bh4 g5 10.Bg3 Nh6 11.dxe5 dxe5 12.Qd5+ Kh8 13.Qxd8 Rxd8 14.h4 g4 15.Nd2 c5
16.Nb3 b6 17.Nd5 Nc6 18.f3 f5 19.h5 fxe4 20.fxe4 Bd7 21.O-O-O Nd4 22.Nxd4 exd4
23.Bf4 Rf8 24.g3 Rae8 25.Bd3 Re6 26.Rh4 Nf7 27.Kc2 Ne5 28.h6 Bf6 29.Rh5 Nxd3
30.Kxd3 Kg8 31.Nxf6+ Rfxf6 32.Rg5+ Rg6 33.Rf1 Be8 34.Rf5 Rgf6 35.Bg5 Rxf5
36.exf5 Re5 37.Kd2 Bd7 38.Bf6 Re3 39.Bh4 Kf7 40.Rf4 a5 41.Rxg4 Bxf5 42.Rg7+ Ke6
43.Re7+ Kd6 44.Rxe3 dxe3+ 45.Kxe3 Bb1 46.a3  1/2-1/2

[Event "Open"]
[Site "Minsk BLR"]
[Date "2010.08.11"]
[Round "8"]
[White "Podolchenko,E"]
[Black "Tihonov,J"]
[Result "1/2-1/2"]
[WhiteElo "2514"]
[BlackElo "2469"]

1.d4 Nf6 2.c4 g6 3.Nc3 Bg7 4.e4 d6 5.Nf3 O-O 6.Be2 e5 7.O-O Na6 8.Re1 Qe8
9.Bg5 exd4 10.Nxd4 h6 11.Bxf6 Bxf6 12.Ndb5 Bg7 13.Qd2 Be6 14.Rad1 Qd8 15.b3 Nb4
16.Nd5 Na6 17.Ndc3  1/2-1/2

[Event "Open"]
[Site "Olomouc CZE"]
[Date "2010.08.11"]
[Round "8"]
[White "Tolstikh,N"]
[Black "Schmid,T1"]
[Result "1-0"]
[WhiteElo "2387"]
[BlackElo "2166"]

1.Nf3 Nf6 2.c4 g6 3.Nc3 Bg7 4.e4 d6 5.d4 O-O 6.Be2 e5 7.Be3 h6 8.h3 exd4
9.Nxd4 Re8 10.Qc2 Qe7 11.Bf3 Nbd7 12.O-O Nc5 13.Rfe1 c6 14.Rad1 Be6 15.b3 Kh7
16.Qd2 Red8 17.Bf4 Ne8 18.Qc2 Qf6 19.Be3 Bc8 20.Be2 Ne6 21.Bf1 N8c7 22.Nde2 Nc5
23.f4 Qe7 24.g4 N7a6 25.Bg2 Kh8 26.Qd2 Bf6 27.Bd4 Nb4 28.Bxf6+ Qxf6 29.e5 Qg7
30.Nc1 h5 31.Bf3 Be6 32.exd6  1-0

[Event "14th HZ Open"]
[Site "Vlissingen NED"]
[Date "2010.08.11"]
[Round "6"]
[White "Stange,S"]
[Black "Verlinde,T"]
[Result "1-0"]
[WhiteElo "2116"]
[BlackElo "2235"]

1.d4 Nf6 2.c4 g6 3.Nc3 Bg7 4.e4 d6 5.Nf3 O-O 6.Be2 e5 7.d5 Bg4 8.Bg5 h6 9.Bh4 Nbd7
10.Nd2 Bxe2 11.Qxe2 a5 12.f3 Nc5 13.O-O Qd7 14.Bf2 b6 15.b3 Nh5 16.g3 f5
17.a3 Nf6 18.b4 Nb7 19.Nb3 fxe4 20.Nxe4 Nxe4 21.Qxe4 Qf5 22.Be3 axb4 23.Qxf5 gxf5
24.axb4 e4 25.Bd4 exf3 26.Bxg7 Kxg7 27.Nd4 Kg6 28.Ne6 Rfc8 29.Rxa8 Rxa8 30.Rxf3 Nd8
31.Nxc7 Rc8 32.Nb5 Rxc4 33.Nxd6 Rxb4 34.Rxf5 Nb7 35.Re5 Nc5 36.Nc8 Kf6 37.Re2 b5
38.Rd2 Ne4 39.Rd3 Rc4 40.Na7 Nc5 41.Rf3+ Ke5 42.Nxb5 Kxd5 43.Rf6 h5 44.Rh6 h4
45.gxh4 Rc2 46.h5 Ne6 47.Rf6 Rb2 48.Rf5+ Ke4 49.Nd6+ Kd4 50.h6 Rb8 51.Nf7 Nf8
52.Rg5 Rb7 53.Rg7 Ke3 54.Ng5 Rb6 55.h7 Rh6 56.Rf7 Ng6 57.Rf6 Kd4 58.Rxg6  1-0

[Event "Tch-ESP CECLUB GpA"]
[Site "Burguillos ESP"]
[Date "2010.08.12"]
[Round "4"]
[White "Mascaro March,P"]
[Black "Berbatov,K"]
[Result "0-1"]
[WhiteElo "2363"]
[BlackElo "2455"]

1.d4 Nf6 2.c4 g6 3.Nc3 Bg7 4.e4 d6 5.Nf3 O-O 6.Be2 e5 7.Be3 Na6 8.O-O Qe8
9.dxe5 dxe5 10.h3 b6 11.a3 Bb7 12.Qc2 Nh5 13.b4 c5 14.Nd5 Rc8 15.b5 Nc7 16.a4 Nf4
17.Ra3 Nxe2+ 18.Qxe2 f5 19.Rd1 Ne6 20.Qd3 Kh8 21.a5 Bxd5 22.cxd5 Nd4 23.Bxd4 fxe4
24.Qxe4 exd4 25.Qxe8 Rfxe8 26.axb6 axb6 27.Ra6 c4 28.d6 Red8 29.Rxb6 c3 30.Ne1 c2
31.Rc1 Bh6 32.Rxc2 Rxc2 33.Nxc2 d3  0-1

[Event "Negroponte Open"]
[Site "Chalkis GRE"]
[Date "2010.08.12"]
[Round "4"]
[White "Kosmas Lekkas,D"]
[Black "Mamedov,Nid"]
[Result "0-1"]
[WhiteElo "2125"]
[BlackElo "2604"]

1.d4 Nf6 2.c4 g6 3.Nc3 Bg7 4.e4 d6 5.Nf3 O-O 6.Be2 Na6 7.O-O e5 8.Be3 c6
9.d5 Ng4 10.Bg5 f6 11.Bh4 c5 12.Ne1 h5 13.a3 b6 14.Nc2 Nh6 15.f3 Nf7 16.Rb1 Bh6
17.b4 Bg5 18.Bxg5 fxg5 19.g3 Nh6 20.Ne3 Bh3 21.Rf2 g4 22.b5 Nc7 23.Bf1 Bxf1
24.Qxf1 Qg5 25.Ng2 gxf3 26.Rxf3 Ng4 27.Nd1 Rxf3 28.Qxf3 Qd2 29.h3 Qd4+ 30.Nde3 Rf8
31.Qe2 Rf2 32.Qxf2 Nxf2 33.Kxf2 Ne8 34.a4 Nf6  0-1

[Event "Open"]
[Site "Geraardsbergen BEL"]
[Date "2010.08.12"]
[Round "3"]
[White "Van Mechelen,J"]
[Black "Termeulen,A"]
[Result "0-1"]
[WhiteElo "2278"]
[BlackElo "2155"]

1.Nf3 g6 2.d4 Nf6 3.c4 Bg7 4.Nc3 O-O 5.e4 d6 6.Be2 Nbd7 7.O-O e5 8.Be3 Re8
9.d5 Nh5 10.Re1 Bf8 11.b4 Ng7 12.Nd2 f5 13.f3 Be7 14.Rc1 Bg5 15.Bxg5 Qxg5
16.Nb5 Qd8 17.c5 a6 18.Na3 Nf6 19.Nac4 Nfh5 20.Bf1 Rf8 21.cxd6 cxd6 22.a4 b5
23.axb5 axb5 24.Na5 Qb6+ 25.Kh1 f4 26.Qe2 Bd7 27.Rc3 Ng3+ 28.hxg3 Nh5 29.Qd3 fxg3
30.Qe3 Qd8 31.Kg1 Qh4 32.Bd3 Nf4 33.Re2 Qh2+ 34.Kf1 Bh3 35.Qg1 Nxe2 36.Bxe2 Bd7
37.Rc6 Rf6 38.Rc7 Bg4 39.Bxb5 h5 40.Qe3 Qh1+ 41.Ke2 Qxg2+ 42.Kd1 Bxf3+ 43.Kc2 Rf4
44.Nc6 Bxe4+ 45.Kb2 Bf5 46.Ne7+ Kh8 47.Bf1 Qh1 48.Nxf5 gxf5 49.Qc3 Rxf1 50.Rc8+ Rxc8
51.Qxc8+ Kg7 52.Qd8 Kg6 53.Qg8+ Kf6 54.Qd8+ Kg6 55.Qg8+ Kh6 56.Qf8+ Kg5 57.Qxd6 Rf2
58.Qd8+ Kg4 59.Qg8+ Kf4  0-1

[Event "ch-SLO"]
[Site "Ljubljana SLO"]
[Date "2010.08.12"]
[Round "6"]
[White "Jelen,Ig"]
[Black "Srebrnic,M"]
[Result "1/2-1/2"]
[WhiteElo "2383"]
[BlackElo "2331"]

1.d4 Nf6 2.c4 g6 3.Nc3 Bg7 4.e4 d6 5.Nf3 O-O 6.Be2 e5 7.O-O c6 8.d5 Na6 9.Be3 Ng4
10.Bg5 f6 11.Bh4 c5 12.Ne1 Nh6 13.f3 Qe7 14.a3 Nf7 15.Nd3 Bh6 16.Bf2 Bd7
17.b4 b6 18.bxc5 Nxc5 19.Nxc5 bxc5 20.Rb1 Rfb8 21.Qc2  1/2-1/2

[Event "7th CHN-RUS w Rapid"]
[Site "Ningbo CHN"]
[Date "2010.08.12"]
[Round "10"]
[White "Ju Wenjun"]
[Black "Kashlinskaya,A"]
[Result "1-0"]
[WhiteElo "2496"]
[BlackElo "2352"]

1.d4 Nf6 2.c4 g6 3.Nc3 Bg7 4.e4 d6 5.Be2 O-O 6.Nf3 Na6 7.O-O e5 8.Re1 c6
9.Be3 exd4 10.Nxd4 Re8 11.Qc2 Nc5 12.Bf3 Ng4 13.Bxg4 Bxg4 14.f3 Bd7 15.Rad1 Qc7
16.Qd2 a5 17.Nde2 Na6 18.Qxd6 Qxd6 19.Rxd6 Be6 20.b3 Nb4 21.Rd2 f5 22.Bd4 Bh6
23.f4 a4 24.Bc5 Na6 25.Bd6 axb3 26.axb3 Red8 27.Red1 b5 28.exf5 gxf5 29.Ng3 Bg7
30.Be5 Rxd2 31.Rxd2 Bf8 32.cxb5 cxb5 33.Nxb5 Rc8 34.Nd6 Rc1+ 35.Kf2 Nc5 36.b4 Nb3
37.Rb2 Bxd6 38.Bxd6 Rc6 39.Be5 Kf7 40.Ke3 Kg6 41.Ne2 Rc4 42.Nd4 Rc3+ 43.Kf2 Nxd4
44.Bxd4 Rc8 45.Be5 Bd5 46.b5 Bb7 47.b6 Rc6 48.Bc7 Rc4 49.Ra2 Rb4 50.Ke3 Be4
51.Rd2 Kg7 52.g3 Kg6 53.Rd6+ Kg7 54.Rd7+ Kg6 55.Rd2 Kg7 56.Be5+ Kf7 57.Rd7+ Ke8
58.Rd6 Ke7 59.Rh6 Ke8 60.Kd2 Rb1 61.Kc3 Kf8 62.Kc4 Rc1+ 63.Bc3 Rb1 64.Bb4+ Kg7
65.Rd6 Rc1+ 66.Bc3+  1-0

[Event "7th Marques Prol"]
[Site "Santos BRA"]
[Date "2010.08.12"]
[Round "5"]
[White "Larrea,M"]
[Black "Campelo,L"]
[Result "1-0"]
[WhiteElo "2303"]
[BlackElo "2237"]

1.d4 Nf6 2.Nf3 g6 3.c4 Bg7 4.Nc3 O-O 5.e4 d6 6.Be2 e5 7.d5 a5 8.Bg5 Qe8 9.Nd2 Na6
10.O-O h6 11.Be3 h5 12.f3 Bd7 13.b3 c5 14.Nb5 Qb8 15.a3 Ne8 16.Rb1 b6 17.Bd3 Qd8
18.Qc2 Qe7 19.Kh1 f5 20.f4 Bh6 21.Rbe1 exf4 22.Bxf4 Bxf4 23.Rxf4 g5 24.Rf2 Bxb5
25.cxb5 Nac7 26.Qd1 Nf6 27.exf5 Ng4 28.Rff1 Qg7 29.h3 Ne5 30.Ne4 Ne8 31.Bc2 g4
32.f6 Rxf6 33.Rxf6 Nxf6 34.Nxd6 Qg5 35.Qe2 Nfd7 36.Qe4 Qg7 37.Nf5 Qf6 38.Ng3 Qh6
39.Nf5 Qf6 40.d6 Re8 41.Ne7+ Rxe7 42.dxe7 Qxe7 43.Qf5 h4 44.Qxg4+ Kf8 45.Qf4+  1-0

[Event "FSGM August"]
[Site "Budapest HUN"]
[Date "2010.08.13"]
[Round "7"]
[White "Genov,Peta"]
[Black "Varga,Zo"]
[Result "1/2-1/2"]
[WhiteElo "2478"]
[BlackElo "2473"]

1.d4 Nf6 2.c4 g6 3.Nc3 Bg7 4.e4 d6 5.Nf3 O-O 6.Be2 e5 7.Be3 Ng4 8.Bg5 f6
9.Bc1 exd4 10.Nxd4 f5 11.O-O fxe4 12.Bxg4 Bxg4 13.Qxg4 Bxd4 14.Qxe4 Nc6 15.Bh6 Rf7
16.Rad1 Qf6  1/2-1/2

[Event "7th CHN-RUS w Rapid"]
[Site "Ningbo CHN"]
[Date "2010.08.13"]
[Round "14"]
[White "Tan Zhongyi"]
[Black "Kashlinskaya,A"]
[Result "1/2-1/2"]
[WhiteElo "2461"]
[BlackElo "2352"]

1.d4 Nf6 2.c4 g6 3.Nc3 Bg7 4.e4 d6 5.Be2 O-O 6.Be3 e5 7.Nf3 c6 8.O-O exd4
9.Nxd4 Re8 10.f3 d5 11.cxd5 Nxd5 12.Bf2 Nf4 13.Kh1 Nd7 14.Be3 Nxe2 15.Qxe2 Qe7
16.Rfd1 Nb6 17.Bg1 Be6 18.Nxe6 Qxe6 19.Bd4 Rad8 20.Bxg7 Kxg7 21.Rd3 Qe5 22.b3 Nd5
23.Qd2 Nxc3 24.Rxd8 Nd5 25.Rxd5 Qxa1+ 26.Qd1 Qxa2 27.Rd7 Qb2 28.h3 a5 29.Rxb7 a4
30.Qd7 Qa1+ 31.Kh2 Qe5+ 32.Kh1 Qa1+ 33.Kh2  1/2-1/2

[Event "14th HZ Open"]
[Site "Vlissingen NED"]
[Date "2010.08.13"]
[Round "8"]
[White "Duchene,R"]
[Black "Zelbel,P"]
[Result "0-1"]
[WhiteElo "2204"]
[BlackElo "2345"]

1.c4 Nf6 2.Nc3 g6 3.e4 d6 4.d4 Bg7 5.Nf3 O-O 6.Be2 e5 7.O-O Nbd7 8.Be3 Re8
9.d5 Nh5 10.g3 Bf8 11.Ne1 Ng7 12.Nd3 f5 13.f3 Be7 14.b4 Bg5 15.Bf2 Nf6 16.c5 fxe4
17.fxe4 Bh3 18.Re1 Rf8 19.Kh1 Qd7 20.Bg1 Rf7 21.Nf2 Raf8 22.cxd6 Nfh5 23.Bg4 Rxf2
24.Be6+ Nxe6 25.Bxf2 Neg7 26.dxc7 Rxf2 27.d6 Rd2 28.Qb3+ Be6 29.Nd5 Ne8 30.Rad1 Bxd5
31.exd5 Nxd6 32.Rxd2 Bxd2 33.Rxe5 Qxc7 34.Re8+ Kf7 35.Re6 Bc3 36.Qc2 Qc4
37.Qf2+ Nf5 38.Qf3 Nf6 39.g4 Nh4  0-1

[Event "ch-FRA NatB"]
[Site "Belfort FRA"]
[Date "2010.08.14"]
[Round "6"]
[White "Shchekachev,A"]
[Black "Housieaux,D"]
[Result "1-0"]
[WhiteElo "2546"]
[BlackElo "2423"]

1.Nf3 Nf6 2.c4 g6 3.Nc3 Bg7 4.e4 d6 5.d4 O-O 6.Be2 e5 7.d5 a5 8.Be3 Ng4 9.Bg5 f6
10.Bd2 f5 11.Ng5 Qe8 12.c5 h6 13.Ne6 Bxe6 14.dxe6 Qxe6 15.Nd5 Na6 16.Bxa6 Rxa6
17.Nxc7 Qc4 18.Nxa6 Qxe4+ 19.Kf1 bxa6 20.h3 Nf6 21.cxd6 Kh7 22.Bxa5 Qc4+
23.Kg1 Ne4 24.Rc1 Qxa2 25.Be1 Rd8 26.d7 Nf6 27.Qe2 Nd5 28.Bc3 Rxd7 29.Kh2 Qa4
30.Rhd1 Nf4 31.Qf1 Nd3 32.Ra1 Qf4+ 33.Kg1 Qc4 34.Ra5 e4 35.Bxg7 Kxg7 36.Rda1 Rd6
37.R1a4 Qc8 38.b3 Nb2 39.Ra1 Nd3 40.Qe2 Rc6 41.Qe3 Kh7 42.Qa7+ Rc7 43.Rxa6 Nc5
44.Rc6 Nb7 45.Rxc7+ Qxc7 46.b4 h5 47.Qd4 h4 48.Qf6 Nd6 49.Rd1 Nf7 50.b5 Kh6
51.b6 Qc2 52.Rf1 Qb3 53.Qe7 Kh5 54.b7 e3 55.Qxf7  1-0

[Event "85th ch-FRA"]
[Site "Belfort FRA"]
[Date "2010.08.14"]
[Round "6"]
[White "Cornette,M"]
[Black "Hamdouchi,H"]
[Result "1/2-1/2"]
[WhiteElo "2543"]
[BlackElo "2600"]

1.d4 Nf6 2.c4 g6 3.Nc3 Bg7 4.e4 d6 5.Nf3 O-O 6.Be2 e5 7.Be3 Ng4 8.Bg5 f6
9.Bh4 Nd7 10.d5 Nh6 11.Nd2 a5 12.f3 Nf7 13.O-O Bh6 14.Bf2  1/2-1/2

[Event "XI Miquel Mas Open"]
[Site "Figueres ESP"]
[Date "2010.08.14"]
[Round "4"]
[White "Mirasol Obrador,M"]
[Black "Alberto,M ANG"]
[Result "0-1"]
[WhiteElo "1832"]
[BlackElo "2140"]

1.d4 Nf6 2.c4 g6 3.Nc3 Bg7 4.e4 O-O 5.Nf3 d6 6.Be2 Qe8 7.O-O e5 8.d5 a5 9.Nd2 Na6
10.b3 Bd7 11.Bb2 Bh6 12.Re1 Nc5 13.Bf1 Nh5 14.g3 f5 15.Ba3 b6 16.Bxc5 bxc5
17.Bg2 Qf7 18.Rf1 Rae8 19.Qe2 Nf6 20.f3 Qg7 21.Rae1 Kh8 22.Ndb1 f4 23.g4 Bg5
24.Nd1 Bh4 25.h3 h5 26.Nf2 Nh7 27.Rd1 Ng5 28.Rd3 Qh6 29.Nd2 Rf7 30.Nh1 Rh7
31.Nf2 Rf8 32.Rc1 Bg3 33.Qf1 hxg4 34.fxg4 f3 35.Nxf3 Rhf7 36.Qd1 Bxf2+ 37.Kxf2 Nxe4+
38.Kg1 Qf4 39.Rc2 Kg7 40.Qc1 Qg3 41.Ne1 Rf1+  0-1

[Event "Open"]
[Site "Geraardsbergen BEL"]
[Date "2010.08.14"]
[Round "8"]
[White "Luminet,D"]
[Black "Renette,H"]
[Result "1/2-1/2"]
[WhiteElo "2182"]
[BlackElo "2348"]

1.d4 Nf6 2.Nf3 g6 3.c4 Bg7 4.Nc3 O-O 5.e4 d6 6.Be3 e5 7.Be2 Na6 8.O-O Ng4
9.Bg5 Qe8 10.h3 h6 11.Bh4 exd4 12.Nxd4 Nf6 13.Bf3 Nh7 14.Re1 Ng5 15.Bg4 Bxg4
16.hxg4 Qd7 17.f3 Nc5 18.Qd2 c6 19.Rad1 Rad8 20.Bf2 a5 21.Be3 Qe7 22.Nb3 a4
23.Nd4 Kh7 24.Qc2 Ra8 25.Qd2 Rfd8 26.Kf2 Qf6 27.Kg1 Qe7 28.Kf2 Nd7 29.Rh1 Kg8
30.Qc2 Nc5 31.Rhe1 Qc7 32.Qd2 Qa5 33.Kg1 Qb4 34.f4 Nge6 35.f5 Ng5 36.fxg6 fxg6
37.Bxg5 hxg5 38.Qxg5 Qxc4 39.Qxg6 Qf7 40.Qxf7+ Kxf7 41.a3 Ne6 42.Rf1+ Ke7
43.Nf5+ Kf6 44.Nxd6+ Kg6 45.Nf5 Be5 46.Rxd8  1/2-1/2

[Event "Open"]
[Site "Geraardsbergen BEL"]
[Date "2010.08.14"]
[Round "8"]
[White "Goormachtigh,J"]
[Black "Barbier,Wim"]
[Result "1/2-1/2"]
[WhiteElo "2282"]
[BlackElo "2151"]

1.d4 d6 2.Nf3 Nf6 3.c4 Nbd7 4.Nc3 e5 5.e4 g6 6.Be2 Bg7 7.O-O O-O 8.Be3 c6
9.d5 c5 10.Ne1 Ne8 11.Nd3 Nb6 12.b3 f5 13.Bd2 f4 14.Bg4 Nf6 15.Bxc8 Rxc8
16.f3 g5 17.h3 h5 18.Kf2  1/2-1/2

[Event "7th CHN-RUS w Rapid"]
[Site "Ningbo CHN"]
[Date "2010.08.14"]
[Round "20"]
[White "Ju Wenjun"]
[Black "Kashlinskaya,A"]
[Result "1-0"]
[WhiteElo "2496"]
[BlackElo "2352"]

1.d4 Nf6 2.c4 g6 3.Nc3 Bg7 4.e4 d6 5.Be2 O-O 6.Nf3 e5 7.O-O Na6 8.Re1 c6
9.Be3 Ng4 10.Bg5 f6 11.Bh4 Kh8 12.a3 Nh6 13.Rc1 Ng4 14.Ra1 Nh6 15.Rc1 Nc7
16.d5 c5 17.b4 Na6 18.Rb1 b6 19.Nd2 Nf7 20.Rb2 Qe8 21.Qa4 f5 22.f3 Bh6 23.Qxe8 Be3+
24.Bf2 Bxf2+ 25.Kxf2 Rxe8 26.Bd1 Bd7 27.Ba4 Bxa4 28.Nxa4 Rec8 29.Nc3 Kg7
30.Ra1 Nh6 31.Ke2 Ng8 32.b5 Nc7 33.a4 Nf6 34.a5 Nd7 35.Kd3 Kf6 36.Rba2 Ke7
37.exf5 gxf5 38.Ke3 Nf6 39.g3 Kd7 40.Na4 Rab8 41.Nc3 Ra8 42.Kd3 Ke7 43.Nf1 Nd7
44.Ne3 Kf6 45.g4 e4+ 46.Kc2 Ne5 47.gxf5 exf3 48.Ne4+ Ke7 49.Kc3 Rf8 50.f6+ Kd7
51.Nf5 Nf7 52.axb6 axb6 53.Rxa8 Rxa8 54.Rxa8 Nxa8 55.Nh4 Ne5 56.Nf5 Nf7 57.h4 Nc7
58.Kd2 Ne8 59.Ke3 Ne5 60.Kf2 Ng4+ 61.Kxf3 Nexf6 62.Nexd6 Ne5+ 63.Kf4 Nd3+
64.Kg5 Ne8 65.Nxe8 Kxe8 66.Kf6 Nb2 67.Ne3 Nd3 68.Kg7 Ne5 69.h5 Nf3 70.Kxh7 Kf7
71.Kh6 Kf6 72.Ng4+ Kf7 73.Nf2 Ne5 74.Kg5 Nxc4 75.Ne4 Na3 76.Nd6+ Kg8 77.Kg6 c4
78.h6  1-0

[Event "TCh-MKD"]
[Site "Struga MKD"]
[Date "2010.08.14"]
[Round "6"]
[White "Colovic,A"]
[Black "Menkinoski,R"]
[Result "1-0"]
[WhiteElo "2452"]
[BlackElo "2322"]

1.d4 Nf6 2.c4 g6 3.Nc3 Bg7 4.e4 d6 5.Be2 O-O 6.Nf3 e5 7.Be3 Na6 8.O-O Bg4
9.h3 Bxf3 10.Bxf3 c5 11.dxe5 dxe5 12.Qxd8 Rfxd8 13.Nd5 Nxd5 14.cxd5 b6 15.Rfc1 f5
16.a3 Rac8 17.Be2 Nc7 18.b4 f4 19.Bd2 Bf8 20.Bc3 Re8 21.bxc5 Bxc5 22.Bb4 Bd4
23.Ra2 a5 24.Bd6 Na8 25.Rac2 Rxc2 26.Rxc2 Kf7 27.Rc6 h5 28.a4 Rd8 29.h4 Rd7
30.Ba6 Ra7 31.Bb5 Rd7 32.Kf1 Rd8 33.Ke2 Rg8 34.Ba3 Rd8 35.f3 Kg7 36.Be7 Rb8
37.d6 Kf7 38.d7  1-0

[Event "e2e4 Autumn Masters A"]
[Site "Uxbridge ENG"]
[Date "2010.08.14"]
[Round "6"]
[White "Jeanne,M"]
[Black "McNab,C"]
[Result "0-1"]
[WhiteElo "2174"]
[BlackElo "2463"]

1.Nf3 g6 2.c4 d6 3.d4 Nd7 4.Nc3 e5 5.e4 Bg7 6.Be2 Ngf6 7.O-O O-O 8.Be3 b6
9.d5 Nc5 10.Nd2 a5 11.b3 Ne8 12.f3 Bf6 13.Rb1 Bg5 14.Bf2 f5 15.a3 Bd7 16.b4 axb4
17.axb4 Na4 18.Qc2 Nf6 19.Bd3 Qe7 20.Ra1 Nxc3 21.Qxc3 Qg7 22.Rfe1 Qh6 23.Nf1 fxe4
24.Bxe4 Bf5 25.Bxf5 gxf5 26.Rxa8 Rxa8 27.Ra1 Rxa1 28.Qxa1 e4 29.fxe4 Nxe4
30.Bd4 Qf8 31.Qa7 Qe7 32.Qb8+ Qd8 33.Qxd8+ Bxd8 34.g3 Kf7 35.Kg2 Bf6 36.Bxf6 Kxf6
37.Kf3 Ke5 38.Ke3 b5 39.Kd3 bxc4+ 40.Kxc4 h6 41.b5 Nf6 42.Nd2 Nd7 43.Nf3+ Ke4
44.Nd4 Nb6+ 45.Kc3 Nxd5+ 46.Kc4 Nb6+ 47.Kc3 Na4+  0-1

[Event "e2e4 Autumn Challengers D"]
[Site "Uxbridge ENG"]
[Date "2010.08.14"]
[Round "7"]
[White "Zulkipli,Z"]
[Black "Healeas,Simon"]
[Result "1/2-1/2"]
[WhiteElo "2039"]
[BlackElo "1840"]

1.d4 Nf6 2.c4 g6 3.Nc3 Bg7 4.e4 d6 5.Be2 O-O 6.Nf3 e5 7.O-O exd4 8.Nxd4 Nc6
9.Be3 Re8 10.f3 Nh5 11.f4 Nf6 12.Bf3 Bd7 13.Re1 a6 14.Bf2 h5 15.Nxc6 Bxc6
16.Bh4 Qc8 17.Qd3 Nh7 18.Re2 Rb8 19.a4 Bd7 20.Nd5 Kf8 21.Bf2 Nf6 22.Bd4 Nxd5
23.Bxg7+ Kxg7 24.cxd5 b5 25.a5 Kg8 26.Rc1 Qd8 27.Qd4 Rb7 28.Rec2 Qh4 29.g3 Qd8
30.b4 Bh3 31.Rc6 h4 32.Rxa6 hxg3 33.hxg3 g5 34.Kh2 Bd7 35.Kg2 gxf4 36.Rh1 f6
37.Ra8 Qe7 38.Rxe8+ Bxe8 39.gxf4 c5 40.dxc6 Bxc6 41.Kf2 Qe6 42.Rg1+ Rg7 43.Rxg7+ Kxg7
44.f5 Qa2+ 45.Kg3 Qb1 46.Qa7+ Kh6 47.Kg4 Qc1 48.Qf2 Qc4 49.Qd2+ Kg7 50.Qxd6 Qc1
51.Qc7+ Kf8 52.Qd6+ Kg7 53.Qe7+ Kg8 54.Qxf6 Qg1+ 55.Kh5 Be8+ 56.Kh4 Qf2+
57.Kg4 Qg1+ 58.Kf4 Qc1+ 59.Kg3 Qg1+ 60.Kf4 Qc1+ 61.Kg3 Qg1+ 62.Bg2 Qe3+ 63.Kh2 Qf4+
64.Kg1 Qe3+ 65.Kf1 Qc1+ 66.Kf2 Qf4+ 67.Kg1 Qe3+ 68.Kh1 Qc1+ 69.Kh2 Qf4+ 70.Kg1 Qc1+
71.Kf2 Qf4+ 72.Kg1 Qc1+ 73.Bf1 Qe3+ 74.Kh1 Bc6 75.Bg2 Qc1+ 76.Kh2 Qf4+ 77.Kg1 Qe3+
78.Kh1 Qc1+ 79.Kh2 Qf4+ 80.Kh1  1/2-1/2